LEADER 01371oam 2200433 450 001 9910714255103321 005 20181219145322.0 035 $a(CKB)3780000000320865 035 $a(OCoLC)988792547 035 $a(EXLCZ)993780000000320865 100 $a20020925d1957 ua 0 101 0 $aeng 135 $aur||||||||||| 181 $ctxt$2rdacontent 182 $cc$2rdamedia 183 $acr$2rdacarrier 200 10$aConsumer cooperatives 210 1$aWashington, D.C. :$cUnited States Department of Labor, Bureau of Labor Statistics,$d1957. 215 $a1 online resource (vii, 87 pages) $cillustrations 225 1 $aBulletin ;$vno. 1211 300 $a"This bulletin was prepared by Jean A. Flexner and Anna-Stina Ericson"--Preface, Page iii. 300 $a"January 1957." 320 $aIncludes bibliographical references. 606 $aConsumer cooperatives 606 $aConsumer cooperatives$2fast 615 0$aConsumer cooperatives. 615 7$aConsumer cooperatives. 700 $aFlexner$b Jean Atherton$01392787 701 $aEricson$b Anna-Stina$01392788 712 02$aUnited States.$bBureau of Labor Statistics, 801 0$bZ5A 801 1$bZ5A 801 2$bOCLCO 801 2$bOCLCF 801 2$bGPO 906 $aBOOK 912 $a9910714255103321 996 $aConsumer cooperatives$93448076 997 $aUNINA LEADER 01017nas 2200373- 450 001 996546818103316 005 20190501060304.5 011 $a2352-3735 035 $a(OCoLC)913720311 035 $a(CKB)4280000000000070 035 $a(CONSER)--2016261006 035 $a(DE-599)ZDB2827070-8 035 $a(EXLCZ)994280000000000070 100 $a20150713a20159999 o-- - 101 0 $aeng 135 $aur||||||||||| 181 $ctxt$2rdacontent 182 $cc$2rdamedia 183 $acr$2rdacarrier 200 00$aBladder cancer 210 1$aAmsterdam :$cIOS Press,$d[2015]- 215 $a1 online resource 300 $aRefereed/Peer-reviewed 311 $a2352-3727 606 $aBladder$xCancer$vPeriodicals 606 $aBladder$xCancer$2fast$3(OCoLC)fst00834067 608 $aPeriodicals.$2fast 615 0$aBladder$xCancer 615 7$aBladder$xCancer. 712 02$aIOS Press, 906 $aJOURNAL 912 $a996546818103316 996 $aBladder Cancer$92275341 997 $aUNISA LEADER 03387nam 22006374a 450 001 9910792456503321 005 20200520144314.0 010 $a1-282-60212-8 010 $a9786612602122 010 $a90-04-18068-0 024 7 $a10.1163/ej.9789004160514.i-348 035 $a(CKB)2670000000010434 035 $a(EBL)489352 035 $a(OCoLC)706130740 035 $a(SSID)ssj0000338816 035 $a(PQKBManifestationID)11297364 035 $a(PQKBTitleCode)TC0000338816 035 $a(PQKBWorkID)10299762 035 $a(PQKB)11549390 035 $a(MiAaPQ)EBC489352 035 $a(OCoLC)427757206 035 $a(nllekb)BRILL9789004180680 035 $a(Au-PeEL)EBL489352 035 $a(CaPaEBR)ebr10372637 035 $a(CaONFJC)MIL260212 035 $a(PPN)174398603 035 $a(EXLCZ)992670000000010434 100 $a20090722d2009 uy 0 101 0 $aeng 135 $aurun| uuuua 181 $ctxt 182 $cc 183 $acr 200 10$aHuman rights as indivisible rights$b[electronic resource] $ethe protection of socio-economic demands under the European Convention on Human Rights /$fby Ida Elisabeth Koch 210 $aLeiden ;$aBoston $cMartinus Nijhoff Publishers$d2009 215 $a1 online resource (362 p.) 225 1 $aInternational studies in human rights,$x0924-4751 ;$vv. 101 300 $aDescription based upon print version of record. 311 $a90-04-16051-5 320 $aIncludes bibliographical references (p. [339]-343) and index. 327 $aBackground to and purpose of the study -- Typological and terminological considerations -- Considerations on intertextuality and permeability -- Theoretical and methodological considerations -- The right to health under the ECHR -- The right to housing under the ECHR -- The right to education under the ECHR -- The right to social cash benefits under the ECHR -- Work-related rights under the ECHR -- Socio-economic demands as justiciable rights : the issue of power balance -- The relation between the ECHR and the ESC/RESC -- Concluding forward-looking observations. 330 $aIt is usually assumed that economic, social and cultural rights are two different kinds of rights. Despite this dichotomous perception of human rights we talk about human rights as indivisible, interrelated and interdependent. The purpose of the book has been to examine how the European Court of Human Rights perceives of the indivisibility notion as a legal phenomenon. This is done by analysing five different socio-economic rights: the right to health, the right to housing, the right to education, the right to social cash benefits and various work related rights. The examination clearly illustrates that the Court perceives of human rights as indivisible rights and this integrated approach to human rights protection and its further potential is discussed from a hermeneutic perspective. 410 0$aInternational studies in human rights ;$vv. 101. 606 $aHuman rights$zEurope 606 $aSocial rights$zEurope 615 0$aHuman rights 615 0$aSocial rights 676 $a341.4/8094 700 $aKoch$b Ida Elisabeth$01577721 801 0$bMiAaPQ 801 1$bMiAaPQ 801 2$bMiAaPQ 906 $aBOOK 912 $a9910792456503321 996 $aHuman rights as indivisible rights$93856561 997 $aUNINA